000 00420nam a22001697a 4500
005 20200522091854.0
008 200522b xxu||||| |||| 00| 0 eng d
041 _aeng
082 _a340.0954 SEE
100 _aSeervai H.M
_95728
245 _aConstitutional Law of India : A Critical Commentory II
250 _a4'thed.
260 _aMumbai
_bM.J Pocha
300 _aA-205, I-32
650 _aLAW
_95701
942 _cBK
999 _c6415
_d6413